Tilastot visalle Guinea-Bissauta lähimpänä olevat maat - 15 sekunnin sprintti

Klikkaa tästä pelataksesi tätä visaa!

Yleistilastot

  • Tätä visaa on pelattu 5 kertaa
  • Keskiarvotulos 5 / 20

Vastaustilastot

kmmaa% Oikein
61Gambia
67%
0Guinea
67%
0Senegal
67%
1479Togo
67%
1586Benin
33%
1188Ghana
33%
519Liberia
33%
208Mali
33%
280Mauritania
33%
1511Niger
33%
1657Algeria
0%
900Burkina Faso
0%
758Cabo Verde
0%
637Côte d'Ivoire
0%
1674Espanja
0%
921Länsi-Sahara
0%
1668Marokko
0%
1832Nigeria
0%
2225Portugali
0%
249Sierra Leone
0%

Tulosjakauma

Persentiili vastausten määrän mukaan

Jokaisen tuloksen saaneiden osuus

Tuloshistoriasi

Et ole pelannut tätä visaa